[Event "ENCI Limburg-open B"]
[Site "Maastricht"]
[Date "2011.06.12"]
[Round "5"]
[White "De Kleuver, Jonathan"]
[Black "Lemmen, Raoul"]
[Result "1/2-1/2"]
[WhiteElo "1934"]
[BlackElo "1855"]
[PlyCount "126"]
[EventDate "2011.06.10"]
[EventType "swiss"]
[EventRounds "7"]
[EventCountry "NED"]
[Source "P.Boonen"]
[SourceDate "2012.01.01"]

1. e4 d5 2. exd5 Nf6 3. c4 e6 4. dxe6 Bxe6 5. Nf3 Nc6 6. Be2 Bc5 7. O-O Qd7 8.
Nc3 O-O-O 9. a3 a5 10. Nb5 Bd4 11. d3 Qe7 12. Nfxd4 Nxd4 13. Nxd4 Rxd4 14. Be3
Rdd8 15. Qa4 b6 16. c5 Nd5 17. cxb6 cxb6 18. Rfc1+ Kb8 19. b4 Qd7 20. Rc6 Rc8
21. Rac1 Rxc6 22. Qxc6 Qxc6 23. Rxc6 Kb7 24. Rc1 axb4 25. axb4 Rc8 26. Rxc8
Bxc8 27. Bf3 Be6 28. g4 Kc6 29. h4 Kb5 30. Bxd5 Bxd5 31. Kf1 Bb3 32. g5 Kxb4
33. Bxb6 Kc3 34. d4 Kd3 35. Kg1 Ke2 36. Bc5 g6 37. Bd6 Kd3 38. Be5 Ke2 39. Bf4
Kd3 40. Be3 Ke4 41. Kh2 Kd3 42. Kh3 Bd5 43. Kg4 Ke4 44. h5 Be6+ 45. Kh4 Bd5 46.
h6 Be6 47. Kg3 Bd5 48. Kg2 Be6 49. Kf1 Kd3 50. Ke1 Bb3 51. Bc1 Kxd4 52. Bb2+
Kd3 53. Bf6 Be6 54. Kd1 Bg4+ 55. Kc1 Kc4 56. Kd2 Kd5 57. Ke3 Ke6 58. Kd4 Kd7
59. Ke5 Ke8 60. Bg7 Be6 61. f4 Bf5 62. Kd5 Be6+ 63. Kd4 Bf5 1/2-1/2

[Event "ENCI Limburg-open B"]
[Site "Maastricht"]
[Date "2011.06.12"]
[Round "5"]
[White "Gallardo Banez, Alfonso"]
[Black "Ingelaere, Frederic"]
[Result "1/2-1/2"]
[WhiteElo "1915"]
[BlackElo "1767"]
[PlyCount "41"]
[EventDate "2011.06.10"]
[EventType "swiss"]
[EventRounds "7"]
[EventCountry "NED"]
[Source "P.Boonen"]
[SourceDate "2012.01.01"]

1. c4 Nf6 2. g3 g6 3. Nc3 Bg7 4. Bg2 O-O 5. Nf3 d6 6. O-O c5 7. d3 Nc6 8. Rb1
Rb8 9. a3 Bd7 10. b4 Ng4 11. Bd2 b6 12. h3 Nge5 13. Nxe5 Bxe5 14. b5 Nd4 15. e3
Ne6 16. f4 Bg7 17. Kh2 Nc7 18. a4 e5 19. Nd5 Nxd5 20. Bxd5 Qc8 21. Bg2 1/2-1/2

[Event "ENCI Limburg-open B"]
[Site "Maastricht"]
[Date "2011.06.12"]
[Round "5"]
[White "Gendarme, Pierre"]
[Black "Senders, Justin"]
[Result "1-0"]
[WhiteElo "1821"]
[BlackElo "1868"]
[PlyCount "53"]
[EventDate "2011.06.10"]
[EventType "swiss"]
[EventRounds "7"]
[EventCountry "NED"]
[Source "P.Boonen"]
[SourceDate "2012.01.01"]

1. d4 Nf6 2. Bg5 e6 3. e4 Be7 4. Nd2 h6 5. Bf4 d6 6. Bd3 Nbd7 7. Ngf3 b6 8. Qe2
Bb7 9. O-O-O a5 10. c4 Ng8 11. Nb1 Qb8 12. Nc3 c6 13. Kb1 Qa7 14. e5 dxe5 15.
Nxe5 Nxe5 16. Bxe5 Nf6 17. d5 O-O 18. d6 Bd8 19. g4 Nd7 20. Bf4 e5 21. Be3 Bc8
22. h4 Re8 23. g5 Nc5 24. Bxc5 bxc5 25. Qh5 g6 26. Bxg6 fxg6 27. Qxg6+ 1-0

[Event "ENCI Limburg-open B"]
[Site "Maastricht"]
[Date "2011.06.12"]
[Round "5"]
[White "Heijenrath, Jan"]
[Black "Karstens, Lex"]
[Result "0-1"]
[WhiteElo "1782"]
[BlackElo "1861"]
[PlyCount "84"]
[EventDate "2011.06.10"]
[EventType "swiss"]
[EventRounds "7"]
[EventCountry "NED"]
[Source "P.Boonen"]
[SourceDate "2012.01.01"]

1. d4 Nf6 2. c4 e5 3. dxe5 Ng4 4. Nf3 Bc5 5. e3 Nc6 6. Nc3 Ngxe5 7. Be2 O-O 8.
O-O Nxf3+ 9. Bxf3 Ne5 10. b3 Re8 11. Bb2 a5 12. Nb5 c6 13. Bxe5 Rxe5 14. Nd6
Qe7 15. Nxc8 Rxc8 16. Qd3 d6 17. Rfd1 Re8 18. a3 f5 19. Re1 f4 20. e4 d5 21.
cxd5 cxd5 22. Red1 dxe4 23. Qc4+ Kh8 24. Bg4 e3 25. fxe3 fxe3 26. Be2 Bxa3 27.
Rf1 Bb4 28. Rf7 Qc5 29. Qg4 Rg5 30. Qd7 Qc6 31. Bf3 Qxd7 32. Rxd7 Rge5 33. Be2
R5e7 34. Rxe7 Rxe7 35. Rc1 g6 36. Kf1 b6 37. h3 Bc5 38. Rd1 Re4 39. Bf3 Rb4 40.
Bd5 a4 41. bxa4 Rb2 42. Bf3 Rf2+ 0-1

[Event "ENCI Limburg-open B"]
[Site "Maastricht"]
[Date "2011.06.12"]
[Round "5"]
[White "Hogerhorst, Tony"]
[Black "Scheeren, Fred"]
[Result "1-0"]
[WhiteElo "1865"]
[BlackElo "1703"]
[PlyCount "87"]
[EventDate "2011.06.10"]
[EventType "swiss"]
[EventRounds "7"]
[EventCountry "NED"]
[Source "P.Boonen"]
[SourceDate "2012.01.01"]

1. c4 Nf6 2. Nc3 c5 3. g3 g6 4. Bg2 Bg7 5. Nf3 Nc6 6. d4 cxd4 7. Nxd4 Nxd4 8.
Qxd4 d6 9. O-O O-O 10. Bg5 h6 11. Bd2 Be6 12. Qd3 Nd7 13. b3 Ne5 14. Qc2 Nc6
15. Rad1 Rc8 16. Qc1 Kh7 17. e4 a6 18. Be3 b6 19. f4 Bd7 20. Nd5 Rb8 21. Qd2 b5
22. c5 dxc5 23. Bxc5 Bg4 24. Bf3 Bxf3 25. Rxf3 Rb7 26. e5 Qc8 27. Rc3 Qe6 28.
Rd3 Rc8 29. b4 Na5 30. Ne3 Nc4 31. Nxc4 Qxc4 32. Rd7 Qe4 33. Qd5 Rxd7 34. Qxd7
Rb8 35. Qxe7 Rb7 36. Qd6 g5 37. Qd5 Qxd5 38. Rxd5 Kg6 39. Kf2 gxf4 40. gxf4 Kf5
41. Kf3 Rb8 42. Rd7 Ke6 43. Re7+ Kd5 44. Rxf7 1-0

[Event "ENCI Limburg-open B"]
[Site "Maastricht"]
[Date "2011.06.12"]
[Round "5"]
[White "Hollands, Maxim"]
[Black "Orbons, Richard"]
[Result "1-0"]
[WhiteElo "1851"]
[BlackElo "1723"]
[PlyCount "41"]
[EventDate "2011.06.10"]
[EventType "swiss"]
[EventRounds "7"]
[EventCountry "NED"]
[Source "P.Boonen"]
[SourceDate "2012.01.01"]

1. d4 Nf6 2. c4 g6 3. Nc3 Bg7 4. e4 d6 5. Be2 O-O 6. Bg5 e5 7. d5 c6 8. Nf3 a6
9. a4 Qa5 10. Nd2 Nbd7 11. O-O Ne8 12. Be7 f5 13. Bxf8 Nxf8 14. exf5 gxf5 15.
Rc1 Nf6 16. Re1 Bd7 17. Nb3 Qc7 18. c5 cxd5 19. Nxd5 Nxd5 20. Bc4 Bxa4 21.
Qxd5+ 1-0

[Event "ENCI Limburg-open B"]
[Site "Maastricht"]
[Date "2011.06.12"]
[Round "5"]
[White "Ibrahim, Ashraf"]
[Black "Blijlevens, Pim"]
[Result "0-1"]
[WhiteElo "1802"]
[BlackElo "1920"]
[PlyCount "144"]
[EventDate "2011.06.10"]
[EventType "swiss"]
[EventRounds "7"]
[EventCountry "NED"]
[Source "P.Boonen"]
[SourceDate "2012.01.01"]

1. d4 d5 2. c4 e6 3. Nc3 Nf6 4. Nf3 Be7 5. Bg5 O-O 6. e3 Nbd7 7. Qc2 Re8 8. Bd3
h6 9. Bh4 b6 10. cxd5 exd5 11. Bb5 a6 12. Bc6 Ra7 13. Bxf6 Bxf6 14. Nxd5 Be7
15. Nxe7+ Rxe7 16. O-O Bb7 17. d5 Bxc6 18. dxc6 Nc5 19. Rad1 Qe8 20. b4 Ne4 21.
Rd4 Ra8 22. Rfd1 Nd6 23. a4 a5 24. b5 Rc8 25. Nd2 f6 26. Nc4 Ne4 27. Rd5 Ng5
28. R1d4 Ne6 29. Rd1 Ng5 30. h3 Ne6 31. f3 Ng5 32. e4 Ne6 33. Qb3 Kh7 34. Ne3
Nc5 35. Qc2 Kh8 36. Nc4 Ne6 37. Kf2 Ng5 38. h4 Nf7 39. Ne3 Nd6 40. Nf5 Nxf5 41.
Rxf5 Re5 42. Rd5 Rxf5 43. Rxf5 Qe7 44. Rd5 f5 45. Rxf5 Qxh4+ 46. Ke3 Rd8 47.
Rd5 Rf8 48. Qd1 Qf4+ 49. Kf2 Qh4+ 50. Kg1 Rf6 51. Qe2 Qf4 52. Rd8+ Kh7 53. Qd2
Qg3 54. Qf2 Qf4 55. Rd1 Re6 56. g3 Qe5 57. Kg2 Rg6 58. Rd5 Qe7 59. Rd4 Re6 60.
Qe3 Qc5 61. Qd3 Re8 62. f4 Qc1 63. e5+ Kh8 64. Qd2 Qb1 65. Qe2 Qf5 66. g4 Qb1
67. Re4 Rd8 68. e6 Rd1 69. Kf2 Rh1 70. Qe1 Rxe1 71. Rxe1 Qg6 72. e7 Qe8 {.....}
0-1

[Event "ENCI Limburg-open B"]
[Site "Maastricht"]
[Date "2011.06.12"]
[Round "5"]
[White "Jakob, Matthias1"]
[Black "Hoelting, Siegfried"]
[Result "1-0"]
[WhiteElo "1997"]
[BlackElo "1943"]
[PlyCount "91"]
[EventDate "2011.06.10"]
[EventType "swiss"]
[EventRounds "7"]
[EventCountry "NED"]
[Source "P.Boonen"]
[SourceDate "2012.01.01"]

1. e4 e5 2. f4 exf4 3. Nf3 d6 4. d4 g5 5. h4 g4 6. Ng1 Qe7 7. Nc3 Bh6 8. Nge2
f3 9. Ng3 c6 10. gxf3 Bxc1 11. Rxc1 gxf3 12. Qxf3 Qf6 13. Qe3 Qh6 14. Kd2 Qxe3+
15. Kxe3 h5 16. Be2 Nf6 17. Rcf1 Ng4+ 18. Kd2 Be6 19. Rf4 d5 20. Nxh5 Rxh5 21.
Bxg4 Bxg4 22. Rxg4 Nd7 23. exd5 Nf6 24. Rg5 O-O-O 25. Rxh5 Nxh5 26. Rf1 Rd7 27.
Kd3 cxd5 28. Rf5 Ng3 29. Rg5 Ne4 30. Nxe4 dxe4+ 31. Kxe4 Re7+ 32. Re5 Rd7 33.
c4 f6 34. Rf5 Rh7 35. h5 Kd7 36. a3 Rh6 37. b4 Ke6 38. d5+ Kd7 39. c5 a6 40. a4
Kc7 41. b5 a5 42. d6+ Kd7 43. Kd5 Rh7 44. c6+ Kc8 45. Ke6 bxc6 46. bxc6 1-0

[Event "ENCI Limburg-open B"]
[Site "Maastricht"]
[Date "2011.06.12"]
[Round "5"]
[White "Jansen, Michiel"]
[Black "Gunther, Marcella"]
[Result "1-0"]
[WhiteElo "1849"]
[BlackElo "1904"]
[PlyCount "93"]
[EventDate "2011.06.10"]
[EventType "swiss"]
[EventRounds "7"]
[EventCountry "NED"]
[Source "P.Boonen"]
[SourceDate "2012.01.01"]

1. e4 c5 2. c3 Nf6 3. e5 Nd5 4. d4 cxd4 5. cxd4 e6 6. a3 d6 7. Nf3 Nc6 8. Bd3
Be7 9. O-O O-O 10. Qc2 g6 11. Nc3 Nxc3 12. bxc3 dxe5 13. dxe5 Qc7 14. Re1 b6
15. h4 Bb7 16. h5 Bc5 17. Bh6 Rfd8 18. hxg6 fxg6 19. Bxg6 hxg6 20. Qxg6+ Kh8
21. Qf6+ Kg8 22. Re4 Nxe5 23. Rxe5 Rd7 24. Bf4 Rg7 25. Rg5 Qf7 26. Rxg7+ Qxg7
27. Qxe6+ Qf7 28. Qg4+ Qg7 29. Qxg7+ Kxg7 30. Nd4 Rg8 31. f3 Kf6 32. Kf2 Rd8
33. Be3 Rh8 34. Nb5 Bxe3+ 35. Kxe3 a6 36. Nd6 Bd5 37. Kd4 Bc6 38. Ne4+ Kf5 39.
Re1 Rd8+ 40. Ke3 Re8 41. Kf2 Bxe4 42. Rxe4 Rc8 43. c4 Rc5 44. Rd4 Ke6 45. g4
Ra5 46. Rd3 Ra4 47. Rc3 1-0

[Event "ENCI Limburg-open B"]
[Site "Maastricht"]
[Date "2011.06.12"]
[Round "5"]
[White "Johnen, Franz"]
[Black "Tutenel, Erik"]
[Result "0-1"]
[WhiteElo "1842"]
[BlackElo "1834"]
[PlyCount "114"]
[EventDate "2011.06.10"]
[EventType "swiss"]
[EventRounds "7"]
[EventCountry "NED"]
[Source "P.Boonen"]
[SourceDate "2012.01.01"]

1. d4 d5 2. Nf3 Nf6 3. e3 c6 4. c4 e6 5. Nc3 Be7 6. Be2 dxc4 7. Bxc4 c5 8. O-O
a6 9. dxc5 Qxd1 10. Rxd1 Bxc5 11. a3 b5 12. Be2 Bb7 13. b4 Be7 14. Bb2 O-O 15.
Rd2 Nbd7 16. Rad1 Rfd8 17. h3 Nb6 18. Rxd8+ Rxd8 19. Rxd8+ Bxd8 20. Ne5 Bc7 21.
Nd3 Bd6 22. f3 Nfd7 23. Kf2 Nc4 24. Bc1 Ndb6 25. e4 e5 26. g3 Bc8 27. h4 Kf8
28. f4 g6 29. fxe5 Nxe5 30. Nf4 Bb7 31. Nfd5 Nbc4 32. a4 Bxd5 33. exd5 Bxb4 34.
Na2 Bc5+ 35. Kf1 bxa4 36. Bf4 f6 37. Bxe5 Nxe5 38. Bxa6 Ke7 39. Ke2 Kd6 40. Bc8
a3 41. Be6 h6 42. g4 Kc7 43. h5 gxh5 44. gxh5 Kd6 45. Kd2 Nf3+ 46. Kd3 Ng5 47.
Bg8 f5 48. Nc3 Ke5 49. Kc2 f4 50. Kd3 f3 51. Na2 Ne4 52. Bh7 Ng3 53. d6 f2 54.
d7 f1=Q+ 55. Kc3 Be7 56. Bd3 Qa1+ 57. Kb3 Qb2+ 0-1

[Event "ENCI Limburg-open B"]
[Site "Maastricht"]
[Date "2011.06.12"]
[Round "5"]
[White "Keetman, Dennis"]
[Black "Geboers, Jimmy"]
[Result "0-1"]
[WhiteElo "1880"]
[BlackElo "1927"]
[PlyCount "88"]
[EventDate "2011.06.10"]
[EventType "swiss"]
[EventRounds "7"]
[EventCountry "NED"]
[Source "P.Boonen"]
[SourceDate "2012.01.01"]

1. e4 e6 2. d4 d5 3. e5 c5 4. c3 Nc6 5. Nf3 Qb6 6. a3 a5 7. Bd3 Bd7 8. Bc2 Nh6
9. O-O g6 10. a4 cxd4 11. cxd4 Nb4 12. Nc3 Nxc2 13. Qxc2 Nf5 14. Be3 Bh6 15.
Qd2 Nxe3 16. fxe3 O-O 17. Qe2 f6 18. exf6 Rxf6 19. Ne5 Rxf1+ 20. Rxf1 Be8 21.
Qf2 Bg7 22. Nd3 Qc7 23. Qf3 Bc6 24. Qg4 Qe7 25. Nf4 Re8 26. Qe2 e5 27. Nfxd5
Bxd5 28. Nxd5 Qd6 29. Qb5 Rd8 30. e4 exd4 31. Qxa5 Re8 32. Re1 d3 33. Qb5 Bd4+
34. Kh1 Re5 35. Qb3 Kh8 36. Nc3 Bxc3 37. Qxc3 Kg8 38. Rd1 Rxe4 39. Qc8+ Kg7 40.
Qxb7+ Re7 41. Qb3 d2 42. Qc3+ Kh6 43. h3 Re2 44. b3 Qf4 0-1

[Event "ENCI Limburg-open B"]
[Site "Maastricht"]
[Date "2011.06.12"]
[Round "5"]
[White "Klein, Gernot"]
[Black "Mollema, Thomas"]
[Result "1-0"]
[WhiteElo "1899"]
[BlackElo "1884"]
[PlyCount "85"]
[EventDate "2011.06.10"]
[EventType "swiss"]
[EventRounds "7"]
[EventCountry "NED"]
[Source "P.Boonen"]
[SourceDate "2012.01.01"]

1. e4 e5 2. Nf3 Nc6 3. Bb5 a6 4. Ba4 Nf6 5. d3 b5 6. Bb3 d5 7. exd5 Nxd5 8. O-O
Bg4 9. h3 Bh5 10. Re1 Be7 11. g4 Bg6 12. Nxe5 Nxe5 13. Rxe5 Nb6 14. Qe2 f6 15.
Re3 Bf7 16. Nc3 Bxb3 17. axb3 Kf7 18. Qf3 Bc5 19. Re2 Re8 20. Ne4 Bf8 21. Ng5+
Kg8 22. Rxe8 Qxe8 23. Ne4 c6 24. Bd2 Nd5 25. Re1 Qg6 26. Nc3 Ne7 27. Be3 f5 28.
Bc5 fxg4 29. Qxg4 Qxg4+ 30. hxg4 Ng6 31. Bxf8 Nxf8 32. Ne4 Kf7 33. Nc5 a5 34.
Kg2 Ra7 35. Kg3 Nd7 36. Ne6 c5 37. Ng5+ Kg6 38. f4 Ra6 39. Re7 Rd6 40. Ne4 Rd5
41. f5+ Kh6 42. Kh4 g5+ 43. Nxg5 1-0

[Event "ENCI Limburg-open B"]
[Site "Maastricht"]
[Date "2011.06.12"]
[Round "5"]
[White "Koelmans, Jan Willem"]
[Black "Brixius, Dirk"]
[Result "0-1"]
[WhiteElo "2023"]
[BlackElo "1944"]
[PlyCount "74"]
[EventDate "2011.06.10"]
[EventType "swiss"]
[EventRounds "7"]
[EventCountry "NED"]
[Source "P.Boonen"]
[SourceDate "2012.01.01"]

1. d4 d5 2. c4 c6 3. Nc3 dxc4 4. e3 b5 5. a4 b4 6. Nb1 Ba6 7. Be2 Nf6 8. Nf3 e6
9. Ne5 c5 10. Bf3 Nd5 11. O-O Nd7 12. Nxd7 Qxd7 13. e4 Nf6 14. d5 Rd8 15. Re1
Be7 16. Bf4 O-O 17. Qc1 exd5 18. exd5 Nxd5 19. Bxd5 Qxd5 20. Rxe7 Qd1+ 21. Re1
Qxc1 22. Rxc1 Rd3 23. Be3 Rfd8 24. h3 R8d5 25. Kh2 Rd1 26. Nc3 Rxc1 27. Rxc1
bxc3 28. Rxc3 f6 29. Bf4 Kf7 30. Bb8 Rd7 31. Bf4 Ke6 32. Be3 Kd5 33. Kg3 Rb7
34. Bc1 Rb4 35. Ra3 Bc8 36. a5 a6 37. Kf4 c3+ 0-1

[Event "ENCI Limburg-open B"]
[Site "Maastricht"]
[Date "2011.06.12"]
[Round "5"]
[White "Kuryliw, Ray"]
[Black "Huebben, Dominik"]
[Result "1/2-1/2"]
[WhiteElo "1831"]
[BlackElo "1747"]
[PlyCount "109"]
[EventDate "2011.06.10"]
[EventType "swiss"]
[EventRounds "7"]
[EventCountry "NED"]
[Source "P.Boonen"]
[SourceDate "2012.01.01"]

1. f4 d5 2. Nf3 Nf6 3. e3 Bg4 4. Be2 c6 5. b3 Nbd7 6. Bb2 e6 7. Ne5 Bxe2 8.
Qxe2 Bd6 9. O-O Qc7 10. Nxd7 Kxd7 11. c4 Rhg8 12. g3 Be7 13. cxd5 Nxd5 14. Nc3
g6 15. Nxd5 exd5 16. f5 Qd6 17. Qg4 h5 18. Qh3 Kc7 19. fxg6 Qxg6 20. Be5+ Kb6
21. Qf5 Qxf5 22. Rxf5 f6 23. Bxf6 Bxf6 24. Rxf6 h4 25. Kg2 hxg3 26. hxg3 Rg7
27. Kf3 Rag8 28. Rg1 Kb5 29. a3 a5 30. Rf4 b6 31. g4 Rg5 32. a4+ Kc5 33. Rc1+
Kd6 34. Rf6+ Ke7 35. Rfxc6 Rxg4 36. Rc7+ Ke6 37. R1c6+ Ke5 38. Re7+ Kf5 39.
Rf7+ Kg5 40. Rxb6 Rg1 41. Rb5 Rf1+ 42. Ke2 Rxf7 43. Rxd5+ Rf5 44. Rxf5+ Kxf5
45. Kd3 Rg2 46. Kc3 Ke4 47. b4 axb4+ 48. Kxb4 Rxd2 49. Kb5 Kxe3 50. a5 Kd4 51.
a6 Kd5 52. a7 Ra2 53. Kb6 Kd6 54. Kb7 Rb2+ 55. Ka8 1/2-1/2

[Event "ENCI Limburg-open B"]
[Site "Maastricht"]
[Date "2011.06.12"]
[Round "5"]
[White "Lafosse, Jimmy"]
[Black "De Niet, Shotaro"]
[Result "1/2-1/2"]
[WhiteElo "2037"]
[BlackElo "1792"]
[PlyCount "81"]
[EventDate "2011.06.10"]
[EventType "swiss"]
[EventRounds "7"]
[EventCountry "NED"]
[Source "P.Boonen"]
[SourceDate "2012.01.01"]

1. e4 c6 2. c4 d5 3. exd5 cxd5 4. cxd5 Qxd5 5. Nc3 Qa5 6. Nf3 Nf6 7. d4 e6 8.
Ne5 Nbd7 9. Nc4 Qd8 10. Bf4 Nb6 11. a3 Nxc4 12. Bxc4 a6 13. O-O Bd6 14. Be5 O-O
15. Qf3 Bxe5 16. dxe5 Nd7 17. Qe2 Qc7 18. f4 b5 19. Bd3 Bb7 20. Rac1 Qb6+ 21.
Kh1 Rac8 22. Bb1 Rfd8 23. Ne4 Bxe4 24. Qxe4 g6 25. Qe2 Nf8 26. Rxc8 Rxc8 27.
Be4 a5 28. h4 b4 29. axb4 Qxb4 30. g3 Rb8 31. Rf2 a4 32. h5 a3 33. bxa3 Qxa3
34. hxg6 hxg6 35. Kg2 Qe7 36. Qg4 Rb4 37. Qf3 Qc7 38. Rc2 Qb8 39. Qe2 Qd8 40.
Ra2 Qd4 41. Bf3 1/2-1/2

[Event "ENCI Limburg-open B"]
[Site "Maastricht"]
[Date "2011.06.12"]
[Round "5"]
[White "Leentjens, Gilbert"]
[Black "Esser, Thomas"]
[Result "0-1"]
[WhiteElo "1848"]
[BlackElo "1782"]
[PlyCount "134"]
[EventDate "2011.06.10"]
[EventType "swiss"]
[EventRounds "7"]
[EventCountry "NED"]
[Source "P.Boonen"]
[SourceDate "2012.01.01"]

1. e4 c5 2. Nc3 Nc6 3. f4 g6 4. Nf3 Bg7 5. Bc4 e6 6. f5 Nge7 7. fxe6 fxe6 8. d3
d5 9. exd5 exd5 10. Bb3 O-O 11. O-O Na5 12. Bg5 Nxb3 13. axb3 Bf6 14. Bd2 Bf5
15. Kh1 Nc6 16. Qe1 Nb4 17. Rc1 a6 18. Qg3 Re8 19. Ng5 Qd7 20. Qh4 Qg7 21. g4
Be6 22. Rxf6 Qxf6 23. Qxh7+ Kf8 24. Qh3 Ke7 25. Nh7 Qg7 26. Bg5+ Kd6 27. Bf6
Qf7 28. Rf1 Kc6 29. Ng5 Qd7 30. Rg1 Qc7 31. Qg2 Qf4 32. Rf1 Qxg4 33. Qxg4 Bxg4
34. d4 Bf5 35. dxc5 Rf8 36. Be7 Be4+ 37. Kg1 Rxf1+ 38. Kxf1 Bxc2 39. Nf3 Bd3+
40. Kf2 Be4 41. Ne5+ Kc7 42. Bd6+ Kd8 43. Nxe4 dxe4 44. Ke3 Nd3 45. Nxg6 Kd7
46. Ne5+ Nxe5 47. Bxe5 Kc6 48. b4 Kb5 49. Bc3 Re8 50. h4 Re7 51. h5 Rh7 52.
Kxe4 Rxh5 53. Kd3 Rh4 54. Be1 Rg4 55. Bc3 Ka4 56. Be1 Kb3 57. Bc3 Rf4 58. Bd2
Rf3+ 59. Ke4 Rh3 60. Bc3 Rxc3 61. bxc3 Kxc3 62. Kd5 Kxb4 63. c6 bxc6+ 64. Kxc6
a5 65. Kd5 a4 66. Kd4 a3 67. Kd3 Kb3 0-1

[Event "ENCI Limburg-open B"]
[Site "Maastricht"]
[Date "2011.06.12"]
[Round "5"]
[White "Lentjes, Noud"]
[Black "Goes, Dirk"]
[Result "1/2-1/2"]
[WhiteElo "1869"]
[BlackElo "1956"]
[PlyCount "75"]
[EventDate "2011.06.10"]
[EventType "swiss"]
[EventRounds "7"]
[EventCountry "NED"]
[Source "P.Boonen"]
[SourceDate "2012.01.01"]

1. e4 Nf6 2. e5 Nd5 3. d4 d6 4. Nf3 dxe5 5. Nxe5 c6 6. Be2 Nd7 7. Nxd7 Bxd7 8.
c4 Nf6 9. O-O Bf5 10. Be3 e6 11. Nd2 Bd6 12. h3 h6 13. Nf3 Qc7 14. Qb3 O-O 15.
Rfd1 Rfd8 16. Rac1 Qb6 17. Qxb6 axb6 18. a3 Bc7 19. Bd3 Ne4 20. Bb1 Rd7 21. Ba2
Rad8 22. Bb3 Nf6 23. a4 Be4 24. Ne5 Bxe5 25. dxe5 Rxd1+ 26. Rxd1 Rxd1+ 27. Bxd1
Nd7 28. f4 Kf8 29. b4 Bd3 30. c5 b5 31. a5 Be4 32. Kf2 Kg8 33. g4 Nf8 34. Kg3
Ng6 35. Bb3 Ne7 36. Ba2 Kf8 37. Bd4 Nd5 38. Bxd5 1/2-1/2

[Event "ENCI Limburg-open B"]
[Site "Maastricht"]
[Date "2011.06.12"]
[Round "5"]
[White "Loose, Rob"]
[Black "Gerlagh, Joris"]
[Result "1-0"]
[WhiteElo "1981"]
[BlackElo "1776"]
[PlyCount "69"]
[EventDate "2011.06.10"]
[EventType "swiss"]
[EventRounds "7"]
[EventCountry "NED"]
[Source "P.Boonen"]
[SourceDate "2012.01.01"]

1. e4 c5 2. Nf3 Nc6 3. d4 cxd4 4. Nxd4 Nf6 5. Nc3 e6 6. Be3 Bb4 7. Bd3 O-O 8.
O-O d5 9. Nxc6 bxc6 10. e5 Nd7 11. f4 c5 12. Bf2 c4 13. Be2 Bc5 14. Kh1 Bxf2
15. Rxf2 f6 16. exf6 Nxf6 17. Rf1 Bb7 18. Bf3 Rb8 19. Qd4 Qb6 20. Qxb6 axb6 21.
Nb5 Rbc8 22. c3 Ba6 23. Nd4 Rfe8 24. Rae1 Kf7 25. Rf2 Rc7 26. Rfe2 Rce7 27. g3
g6 28. Kg1 Bc8 29. a3 Bd7 30. Bg2 h6 31. Nf3 Kf8 32. Ne5 Kg7 33. Nxd7 Rxd7 34.
Rxe6 Kf7 35. Rxf6+ 1-0

[Event "ENCI Limburg-open B"]
[Site "Maastricht"]
[Date "2011.06.12"]
[Round "5"]
[White "Maassen van den Brink, Koen"]
[Black "Aben, Paul"]
[Result "1/2-1/2"]
[WhiteElo "1982"]
[BlackElo "1949"]
[PlyCount "26"]
[EventDate "2011.06.10"]
[EventType "swiss"]
[EventRounds "7"]
[EventCountry "NED"]
[Source "P.Boonen"]
[SourceDate "2012.01.01"]

1. d4 d5 2. Nf3 c6 3. g3 Nf6 4. Bg2 Bf5 5. O-O Nbd7 6. Re1 e6 7. b3 Bd6 8. Bb2
O-O 9. Nbd2 h6 10. c4 Ne4 11. a3 Re8 12. Nxe4 Bxe4 13. Nd2 Bxg2 1/2-1/2

[Event "ENCI Limburg-open B"]
[Site "Maastricht"]
[Date "2011.06.12"]
[Round "5"]
[White "Meyes, Richard"]
[Black "Lecomte, Robin"]
[Result "0-1"]
[WhiteElo "1749"]
[BlackElo "1791"]
[PlyCount "45"]
[EventDate "2011.06.10"]
[EventType "swiss"]
[EventRounds "7"]
[EventCountry "NED"]
[Source "P.Boonen"]
[SourceDate "2012.01.01"]

1. c4 Nf6 2. g3 g6 3. Bg2 Bg7 4. Nc3 O-O 5. e4 c5 6. Nge2 Nc6 7. d3 d6 8. O-O
Ne8 9. Be3 f5 10. Qd2 Nf6 11. Bh6 Bxh6 12. Qxh6 Ne5 13. Rad1 fxe4 14. Nxe4 Nxe4
15. Bxe4 Qb6 16. b3 Bf5 17. Nc3 Bxe4 18. Nxe4 Nf3+ 19. Kg2 Qc6 20. g4 Rf7 21.
Kg3 Raf8 22. h3 d5 23. Ng5 0-1

[Event "ENCI Limburg-open B"]
[Site "Maastricht"]
[Date "2011.06.12"]
[Round "5"]
[White "Peter, Laurenz"]
[Black "Erin, Igor"]
[Result "1/2-1/2"]
[WhiteElo "1844"]
[BlackElo "1715"]
[PlyCount "67"]
[EventDate "2011.06.10"]
[EventType "swiss"]
[EventRounds "7"]
[EventCountry "NED"]
[Source "P.Boonen"]
[SourceDate "2012.01.01"]

1. d4 d5 2. c4 e6 3. Nf3 c5 4. cxd5 exd5 5. Nc3 Nf6 6. Bg5 Be6 7. g3 Nc6 8. Bg2
a6 9. a3 h6 10. Bxf6 Qxf6 11. e3 Rd8 12. O-O cxd4 13. Nxd4 Nxd4 14. Qxd4 Qxd4
15. exd4 Be7 16. Rac1 Bg5 17. Rc2 O-O 18. f4 Bf6 19. Rd2 g6 20. h3 h5 21. g4
hxg4 22. hxg4 Bxg4 23. Nxd5 Bh4 24. Ne3 Bc8 25. Nc4 b5 26. Ne5 Rd6 27. Rc1 g5
28. Be4 f5 29. Bb1 gxf4 30. Rc7 Be6 31. Ng6 Bg3 32. Ne7+ Kh8 33. Ng6+ Kg8 34.
Ne7+ 1/2-1/2

[Event "ENCI Limburg-open B"]
[Site "Maastricht"]
[Date "2011.06.12"]
[Round "5"]
[White "Pijlman, Rene"]
[Black "Modder, Frank"]
[Result "1-0"]
[WhiteElo "1929"]
[BlackElo "1901"]
[PlyCount "31"]
[EventDate "2011.06.10"]
[EventType "swiss"]
[EventRounds "7"]
[EventCountry "NED"]
[Source "P.Boonen"]
[SourceDate "2012.01.01"]

1. e4 e6 2. d3 d5 3. Nd2 Nf6 4. Ngf3 dxe4 5. dxe4 Bc5 6. Bc4 O-O 7. O-O Nc6 8.
Qe2 e5 9. c3 Qe7 10. b4 Bb6 11. a4 a6 12. Ba3 Nd8 13. Nb3 Re8 14. b5 Qd7 15. h3
c5 16. a5 1-0

[Event "ENCI Limburg-open B"]
[Site "Maastricht"]
[Date "2011.06.12"]
[Round "5"]
[White "Ramaekers, Philippe1"]
[Black "Cebula, Jerzy"]
[Result "0-1"]
[WhiteElo "1811"]
[BlackElo "1991"]
[PlyCount "62"]
[EventDate "2011.06.10"]
[EventType "swiss"]
[EventRounds "7"]
[EventCountry "NED"]
[Source "P.Boonen"]
[SourceDate "2012.01.01"]

1. e4 e5 2. f4 exf4 3. Nf3 Nf6 4. Nc3 d5 5. exd5 Nxd5 6. Nxd5 Qxd5 7. d4 Be7 8.
Be2 g5 9. c4 Qe4 10. O-O Bg4 11. Re1 Nc6 12. d5 Bxf3 13. Bxf3 Qd4+ 14. Kh1 Qxd1
15. Bxd1 Nb4 16. Ba4+ Kf8 17. Bd2 Nd3 18. Bc3 Rg8 19. Re2 Bc5 20. Rf1 g4 21.
Bc2 f3 22. gxf3 gxf3 23. Bxd3 fxe2 24. Bxe2 Re8 25. Bh5 Re7 26. b4 Be3 27. c5
Rg5 28. d6 cxd6 29. cxd6 Rd7 30. Bd1 Rxd6 31. Bc2 Rc6 0-1

[Event "ENCI Limburg-open B"]
[Site "Maastricht"]
[Date "2011.06.12"]
[Round "5"]
[White "Sanen, Erwin"]
[Black "Gerritsen, Diederik"]
[Result "0-1"]
[WhiteElo "1867"]
[BlackElo "1840"]
[PlyCount "80"]
[EventDate "2011.06.10"]
[EventType "swiss"]
[EventRounds "7"]
[EventCountry "NED"]
[Source "P.Boonen"]
[SourceDate "2012.01.01"]

1. d4 Nf6 2. c4 c5 3. d5 b5 4. cxb5 a6 5. e3 axb5 6. Bxb5 Bb7 7. Bc4 e6 8. Nc3
g6 9. Nf3 Bg7 10. O-O O-O 11. Qb3 Ba6 12. Rd1 Bxc4 13. Qxc4 Na6 14. dxe6 fxe6
15. Rd6 Qc8 16. Ne5 Rd8 17. e4 Qc7 18. Nb5 Qb7 19. f3 Bf8 20. Rd1 d5 21. exd5
exd5 22. Qf1 Rac8 23. a4 d4 24. Bg5 Bg7 25. Qc4+ Qd5 26. Rac1 Qxc4 27. Nxc4 h6
28. Bh4 g5 29. Bf2 Nb4 30. b3 Nfd5 31. Ncd6 Rc6 32. Nb7 Rdc8 33. Na7 Nc3 34.
Rxc3 dxc3 35. Nxc6 Rxc6 36. Nxc5 c2 37. Rf1 Bb2 38. Be3 Nd5 39. Bd2 Rxc5 40. b4
Nxb4 0-1